LEADER 01619nam a2200313 i 4500 001 000000134059 003 CaOOAMICUS 005 20050122000000.0 008 050122s1984 it u000 u ita u 013 $a107131 040 $aSeMil$bita 100 0 $aPhilo : Alexandrinus ,$d.$0(OLS)http://semarc/name/1002 240 12$aI cherubini. I sacrifici di Abele e di Caino. Il malvagio tende a sopraffare il buono. La posterità di Caino. I giganti. L'immutabilità di Dio.$0(OLS)http://semarc/title/196145 245 13$aLe origini del male /$cFilone di Alessandria ; traduzione di Claudio Mazzarelli ; introduzione, prefazioni, note e apparati di Roberto Radice. 260 $aMilano :$bRusconi,$c1984. 300 $a540 p. ;$c22 cm. 490 0 $aI classici del pensiero. Sezione 1. : Filosofia classica e tardo-antica 500 $aContiene : Bibliografia. - Fondo Card. C.M. Martini. 650 4$aMale - Filosofia.$0(OLS)http://semarc/subject/5386 650 4$aBibbia - Interpretazione allegorica.$0(OLS)http://semarc/subject/5868 700 1 $aRadice, Roberto.$0(OLS)http://semarc/name/75 700 1 $aMazzarelli, Claudio.$0(OLS)http://semarc/name/41464 830 2$aI classici del pensiero. Sez. 1, Filosofia classica e tardo-antica.$0(OLS)http://semarc/title/14210 850 $aSeMil 852 $aSeMil$W1$xVenegono$y1$m72 1 10 *$j87837$B87837$CSeMilBibl$Z2$F91909 $81 941 1 $a4 961 $aOmaggio: Martini Card. Carlo Maria 996 $6245$aLe origini del male$9(OLS)http://semarc/title/196144 996 $6260$aMilano :$bRusconi$9(OLS)http://semarc/publisher/30258 LEADER 01488nam a2200313 i 4500 001 000000184776 003 CaOOAMICUS 005 20151022000000.0 008 151022s1982 it u000 u ita u 013 $a162761 040 $aSeMil$bita 245 10$aNella Chiesa particolare a servizio delle vocazioni /$cCentro Nazionale Vocazioni. 260 $aRoma :$bRogate,$cstampa 1982. 300 $a175 p. ;$c20 cm. 650 4$aVocazioni - Pastorale - Congressi.$0(OLS)http://semarc/subject/22505 710 2 $aConferenza Episcopale Italiana : Centro Nazionale Vocazioni.$0(OLS)http://semarc/name/2418 774 0 $tIntroduzione ai lavori.$w()325587 774 0 $tPastorale vocazionale per la vita piena della chiesa particolare.$w()325588 774 0 $tCentro diocesano vocazioni.$w()325589 774 0 $tMinistero dell'animatore vocazionale.$w()325590 774 0 $tNella chiesa particolare persone e organismi a servizio.$w()325591 774 0 $tCentro Diocesano Vocazionale.$w()325593 774 0 $tMinistero dell'animatore vocazionale.$w()325594 774 0 $tAlcuni obiettivi prioritari nella pastorale vocazionale della chiesa italiana.$w()325595 850 $aSeMil 852 $aSeMil$W1$xVenegono$y1$m3G I 360$j135468$B135468$CSeMilBibl$Z2$F207852 $81 961 $aOmaggio: Martinelli don Romano 996 $6245$aNella Chiesa particolare a servizio delle vocazioni$9(OLS)http://semarc/title/265331 996 $6260$aRoma :$bRogate$9(OLS)http://semarc/publisher/31830